LEADER 02257oas 2200853 a 450 001 9910145975103321 005 20260218112625.0 011 $a2371-7750 035 $a(OCoLC)721348781 035 $a(CONSER) 2012237562 035 $a(CKB)1000000000717460 035 $a(DE-599)ZDB2619934-8 035 $a(DE-599)2619934-8 035 $a(EXLCZ)991000000000717460 100 $a20100519a19919999 uy 101 0 $aeng 135 $aur|n||||||||| 181 $ctxt$2rdacontent 182 $cc$2rdamedia 183 $acr$2rdacarrier 200 00$aBrock education 210 $a[St. Catharines, Ont.] $cFaculty of Education, Brock University 215 $a1 online resource 300 $aRefereed/Peer-reviewed 311 08$a1183-1189 517 1 $aBrock education journal 517 1 $aJournal of educational research and practice 606 $aEducation$xResearch$zOntario$vPeriodicals 606 $aTeachers$xTraining of$vPeriodicals 606 $aTeaching$vPeriodicals 606 $aE?ducation$zCanada$vPe?riodiques 606 $aEnseignants$xFormation$vPe?riodiques 606 $aEducation$xResearch$2fast 606 $aTeachers$xTraining of$2fast 606 $aTeaching$2fast 607 $aOntario$2fast$1https://id.oclc.org/worldcat/entity/E39QbtfRpxgHMDVfYpYYqvRBmM 608 $aPeriodicals$2fast 615 0$aEducation$xResearch 615 0$aTeachers$xTraining of 615 0$aTeaching 615 6$aE?ducation 615 6$aEnseignants$xFormation 615 7$aEducation$xResearch 615 7$aTeachers$xTraining of 615 7$aTeaching 686 $acoll29$2lacc 686 $acoll108$2lacc 712 02$aBrock University 801 0$bNz 801 1$bZ5A 801 2$bQE2 801 2$bCUD 801 2$bNTE 801 2$bCZL 801 2$bOCLCQ 801 2$bOCLCF 801 2$bOCLCO 801 2$bOCLCQ 801 2$bNLC 801 2$bCUS 801 2$bOCLCQ 801 2$bVT2 801 2$bOCLCQ 801 2$bOCLCO 801 2$bNLC 801 2$bCUS 801 2$bOCLCL 801 2$bNLC 801 2$bOCLCL 801 2$bOCLCQ 906 $aJOURNAL 912 $a9910145975103321 996 $aBrock education$92141108 997 $aUNINA